000 00945nam a2200253Ia 4500
003 OSt
005 20221005111445.0
006 a|||||r|||| 00| 0
007 ta
008 221004b |||||||| |||| 00| 0 hin d
024 _a109937
037 _cTextual
040 _aCRL
_cCRL
_bhin
041 _2hin
_ahin
082 _aO152,6N12:g, P2
100 _aत्रिपाठी, विश्वनाथ, संपा.
245 0 _aहिन्दी के प्रहरी
_b डॉ. रामविलास शर्मा
246 _aHindī ke praharī: ḍaॉ. Rāmavilās sharmā
260 _aनई दिल्ली
_bवाणी प्रकाशन भारत
_c2002
300 _a519पृ0
_ccm.
650 _aहिन्दी साहित्य
942 _hO152,6N12:g, P2
_cTEXL
_2cc
999 _c1021886
_d1021886